000 00751nam a2200253 a 4500
001 000037616
003 DO-SdBNP
005 20240530073921.0
007 ta
008 121008s2010 dr 000 f spa d
020 _a9789945460797
040 _aDO-SdBNP
_bspa
_cBNPHU
082 _aRD863.44
_bV443flo
100 1 _aVeloz Maggiolo, Marcio,
_d1936-2021
_91104
245 1 0 _aFlorbella /
_cMarcio Veloz Maggiolo.
260 _aSanto Domingo :
_bSantuario,
_c2010.
300 _a87 p. ;
_c21 cm.
500 _aIncluye datos biográficos del autor en las solapas
590 _aInventariado, 2020/VM
650 0 _aNovela dominicana
_9223
650 0 _aLiteratura dominicana.
_967
910 _aValidado. Control de calidad MFF
942 _2ddc
_cLBS1
999 _c37106
_d37106